<?xml version="1.0" encoding="UTF-8"?>
<record
    xmlns:xsi="http://www.w3.org/2001/XMLSchema-instance"
    xsi:schemaLocation="http://www.loc.gov/MARC21/slim http://www.loc.gov/standards/marcxml/schema/MARC21slim.xsd"
    xmlns="http://www.loc.gov/MARC21/slim">

  <leader>00457nrc a22001817a 4500</leader>
  <controlfield tag="003">OSt</controlfield>
  <controlfield tag="005">20200512171535.0</controlfield>
  <controlfield tag="008">200512b           ||||| |||| 00| 0 spa d</controlfield>
  <datafield tag="040" ind1=" " ind2=" ">
    <subfield code="c">Nr</subfield>
  </datafield>
  <datafield tag="082" ind1=" " ind2=" ">
    <subfield code="a">797</subfield>
    <subfield code="b">H32t</subfield>
  </datafield>
  <datafield tag="100" ind1=" " ind2=" ">
    <subfield code="4">Hector Cruz</subfield>
  </datafield>
  <datafield tag="245" ind1=" " ind2=" ">
    <subfield code="a">Tiple de madera forro color negro</subfield>
    <subfield code="c">Hector Cruz</subfield>
  </datafield>
  <datafield tag="300" ind1=" " ind2=" ">
    <subfield code="e">Forro negro</subfield>
  </datafield>
  <datafield tag="500" ind1=" " ind2=" ">
    <subfield code="a">Buen estado</subfield>
  </datafield>
  <datafield tag="650" ind1=" " ind2=" ">
    <subfield code="2">Instrumento musical</subfield>
    <subfield code="v">Cord&#xF3;fono</subfield>
  </datafield>
  <datafield tag="710" ind1=" " ind2=" ">
    <subfield code="4">Alcald&#xED;a de Mosquera</subfield>
  </datafield>
  <datafield tag="942" ind1=" " ind2=" ">
    <subfield code="2">ddc</subfield>
    <subfield code="c">INST</subfield>
  </datafield>
  <datafield tag="999" ind1=" " ind2=" ">
    <subfield code="c">12195</subfield>
    <subfield code="d">12195</subfield>
  </datafield>
  <datafield tag="952" ind1=" " ind2=" ">
    <subfield code="0">0</subfield>
    <subfield code="1">0</subfield>
    <subfield code="2">ddc</subfield>
    <subfield code="4">0</subfield>
    <subfield code="7">0</subfield>
    <subfield code="8">ALMA</subfield>
    <subfield code="a">ALMA</subfield>
    <subfield code="b">ALMA</subfield>
    <subfield code="d">2017-09-30</subfield>
    <subfield code="i">43389</subfield>
    <subfield code="l">0</subfield>
    <subfield code="o">797 H32t</subfield>
    <subfield code="p">51010086142963</subfield>
    <subfield code="r">2020-05-12</subfield>
    <subfield code="t">Ej 1</subfield>
    <subfield code="w">2020-05-12</subfield>
    <subfield code="y">INST</subfield>
    <subfield code="z">Pr&#xE9;stamo 5 horas</subfield>
  </datafield>
  <datafield tag="952" ind1=" " ind2=" ">
    <subfield code="0">0</subfield>
    <subfield code="1">0</subfield>
    <subfield code="2">ddc</subfield>
    <subfield code="4">0</subfield>
    <subfield code="7">0</subfield>
    <subfield code="8">ALMA</subfield>
    <subfield code="a">ALMA</subfield>
    <subfield code="b">ALMA</subfield>
    <subfield code="d">2017-09-30</subfield>
    <subfield code="i">43396</subfield>
    <subfield code="l">0</subfield>
    <subfield code="o">797 H32t</subfield>
    <subfield code="p">51010086142970</subfield>
    <subfield code="r">2020-05-12</subfield>
    <subfield code="t">Ej  2</subfield>
    <subfield code="w">2020-05-12</subfield>
    <subfield code="y">INST</subfield>
    <subfield code="z">Pr&#xE9;stamo 5 horas</subfield>
  </datafield>
  <datafield tag="952" ind1=" " ind2=" ">
    <subfield code="0">0</subfield>
    <subfield code="1">0</subfield>
    <subfield code="2">ddc</subfield>
    <subfield code="4">0</subfield>
    <subfield code="7">0</subfield>
    <subfield code="8">ALMA</subfield>
    <subfield code="a">ALMA</subfield>
    <subfield code="b">ALMA</subfield>
    <subfield code="d">2017-09-30</subfield>
    <subfield code="i">43397</subfield>
    <subfield code="l">0</subfield>
    <subfield code="o">797 H32t</subfield>
    <subfield code="p">51010086142987</subfield>
    <subfield code="r">2020-05-12</subfield>
    <subfield code="t">Ej  3</subfield>
    <subfield code="w">2020-05-12</subfield>
    <subfield code="y">INST</subfield>
    <subfield code="z">Pr&#xE9;stamo 5 horas</subfield>
  </datafield>
  <datafield tag="952" ind1=" " ind2=" ">
    <subfield code="0">0</subfield>
    <subfield code="1">0</subfield>
    <subfield code="2">ddc</subfield>
    <subfield code="4">0</subfield>
    <subfield code="7">0</subfield>
    <subfield code="8">ALMA</subfield>
    <subfield code="a">ALMA</subfield>
    <subfield code="b">ALMA</subfield>
    <subfield code="d">2017-09-30</subfield>
    <subfield code="i">43398</subfield>
    <subfield code="l">0</subfield>
    <subfield code="o">797 H32t</subfield>
    <subfield code="p">51010086142994</subfield>
    <subfield code="r">2020-05-12</subfield>
    <subfield code="t">Ej  4</subfield>
    <subfield code="w">2020-05-12</subfield>
    <subfield code="y">INST</subfield>
    <subfield code="z">Pr&#xE9;stamo 5 horas</subfield>
  </datafield>
  <datafield tag="952" ind1=" " ind2=" ">
    <subfield code="0">0</subfield>
    <subfield code="1">0</subfield>
    <subfield code="2">ddc</subfield>
    <subfield code="4">0</subfield>
    <subfield code="7">0</subfield>
    <subfield code="8">ALMA</subfield>
    <subfield code="a">ALMA</subfield>
    <subfield code="b">ALMA</subfield>
    <subfield code="d">2017-09-30</subfield>
    <subfield code="i">43398</subfield>
    <subfield code="l">0</subfield>
    <subfield code="o">797 H32t</subfield>
    <subfield code="p">51010086143007</subfield>
    <subfield code="r">2020-05-12</subfield>
    <subfield code="t">Ej  5</subfield>
    <subfield code="w">2020-05-12</subfield>
    <subfield code="y">INST</subfield>
    <subfield code="z">Pr&#xE9;stamo 5 horas</subfield>
  </datafield>
</record>
